Estadísticas para Países con Múltiples Islas Pobladas

Haz click aquí para intentar la prueba.

Estadísticas generales

  • Esta prueba ha sido intentada 1.837 veces
  • La puntuación promedio es 6 de 8

Estadísticas de respuestas

# de islasPaís% Correcto
12Indonesia
93%
5Japón
89%
3Estados Unidos
82%
2Reino Unido
82%
9Filipinas
80%
2Nueva Zelanda
73%
5China
65%
2Italia
56%

Distribución de puntuación

Porcentaje por número respondido

Porcentaje de gente con cada puntuación

Historial de tus puntuaciones

No has intentado esta prueba.